| 000 | 00830nam a2200229Ia 4500 | ||
|---|---|---|---|
| 003 | GCL | ||
| 005 | 20240530105437.0 | ||
| 008 | 140319s9999 xx 000 0 ara d | ||
| 040 |
_aGCL / _cGCL |
||
| 082 | 0 | 4 |
_a327.101 _bق/م ت |
| 100 | 1 | _aمارلين نصر | |
| 245 | 1 | 0 |
_aالتصور القومى العربى فى فكر جمال عبد الناصر 1970 - 1952 : _bدراسة فى علم المفرادات والدلالة / _cمارلين نصر |
| 260 |
_a[S.N] : _bدار المستقبل العربى |
||
| 490 |
_aمركز دراسات الوحده العربية _v0 |
||
| 650 | 0 | 4 | _aالفلسفة |
| 650 | 0 | 4 | _aالسياسة |
| 650 | 0 | 4 | _aثورة 23 يوليو 1952 |
| 650 | 0 | 4 | _aالناصرية |
| 650 | 0 | 4 | _aالقومية العربية |
| 650 | 0 | 4 | _aجمال عبدالناصر |
| 942 |
_2ddc _cBK |
||
| 999 |
_c56101 _d56101 |
||